000 00685nam a22001697a 4500
999 _c10107
_d10107
008 180801b ||||| |||| 00| 0 eng d
082 _22018
_aUT 0973
_bS24
100 _929856
_aSaranillo, Jessa Mae D.
245 _aInfluence of utilization of social networking sites on language research performance of english students/
_cJessa Mae D. Saranillo, Genmarie C. Plaza and Jennevave A. Pilapil.
260 _aDigos City:
_bUMDC
_cApril 2018.
300 _a42 pages;
_b30 cm.
650 0 _929857
_aEducation.
_vEnglish
_xUndergraduate thesis.
700 _929858
_aSaranillo, Jessa Mae D.
700 _929859
_aPlaza, Genmarie C.
700 _929861
_aPilapil, Jenevave A.
942 _2ddc
_cUT